Indian knowledge systems for sustainable development goals: An exploratory study (Record no. 527660)

000 -LEADER
fixed length control field 01647nam a22001577a 4500
008 - FIXED-LENGTH DATA ELEMENTS--GENERAL INFORMATION
fixed length control field 240913b ||||| |||| 00| 0 eng d
100 ## - MAIN ENTRY--PERSONAL NAME
Personal name Mishra, Manoj Kumar and Narayan, Rudra
245 ## - TITLE STATEMENT
Title Indian knowledge systems for sustainable development goals: An exploratory study
260 ## - PUBLICATION, DISTRIBUTION, ETC. (IMPRINT)
Place of publication, distribution, etc Bihar Journal of Public Administration
300 ## - PHYSICAL DESCRIPTION
Extent 21(1), Jan-Jun, 2024: p.172-180
520 ## - SUMMARY, ETC.
Summary, etc This study explores the potential of Indian Knowledge Systems (IKS) in achieving the Sustainable Development Goals (SDGs). IKS represents a holistic approach to knowledge deeply rooted in India’s cultural and traditional practices, encompassing diverse fields such as medicine, agriculture, architecture, and governance. As such the present paper intends to trace relevance of IKS in achieving SDGs. Based on secondary sources, the paper finds that the rich repository of IKS is characterized by its sustainable and inclusive nature, offering valuable insights and solutions to contemporary global challenges. IKS, with its emphasis on harmony with nature, community-based approaches, and respect for diversity, aligns closely with the ethos of the SDGs. By integrating IKS into sustainable development strategies, there is a unique opportunity to leverage traditional wisdom for addressing modern-day issues. – Reproduced

http://www.iipabiharbranch.org/upload/BJPA_Vol.%20XXI%20No.%201%20Jan-June.%202024.pdf
650 ## - SUBJECT ADDED ENTRY--TOPICAL TERM
Topical term or geographic name as entry element Indian knowledge systems, Sustainable development goals, Traditional wisdom, Social inclusion.
9 (RLIN) 47625
773 ## - HOST ITEM ENTRY
Main entry heading Bihar Journal of Public Administration
906 ## - LOCAL DATA ELEMENT F, LDF (RLIN)
Subject DIP INDIAN KNOWLEDGE SYSTEMS
942 ## - ADDED ENTRY ELEMENTS (KOHA)
Item type Articles
Holdings
Withdrawn status Lost status Source of classification or shelving scheme Damaged status Not for loan Permanent location Current location Date acquired Serial Enumeration / chronology Barcode Date last seen Koha item type
          Indian Institute of Public Administration Indian Institute of Public Administration 2024-09-13 21(1), Jan-Jun, 2024: p.172-180 AR133097 2024-09-13 Articles

Powered by Koha